Géographie de l'Asie par lettre - U - Statistiques

Statistiques générales
  • Ce quiz a été pris 73 fois
  • Le résultat moyen est 7 sur 20
Statistiques - réponses
Indice Réponse % Correct
Comment sont les Émirats Arabes ? Unis
97%
Pays fédéral disparu en 1991 et regroupant plusieurs états d'Asie centrale actuels L'URSS
88%
Le Kazakhstan est le premier producteur mondial de cette ressource exportée partout dans le monde pour le secteur de l'énergie L'Uranium
81%
Du fait de son importance dans l'industrie mondiale, la Chine est parfois appelée... L'{Usine} du monde
72%
Terme désignant la communauté des musulmans dans le monde en tant que "nation", désignant aussi une ville antique sumérienne dans l'actuel Irak Umma
65%
Saveur dont le nom vient du japonais "goût savoureux" Umami
60%
Capitale du Xinjiang et ville "la plus continentale" au monde étant donné son éloignement maximal de toute mer Ürümqi
44%
État du nord de la République indienne et le plus peuplé du pays L'Uttar Pradesh
42%
Complétez cette traduction de la devise nationale de l'Indonésie : {Unité} dans la diversité
38%
Avec les soba, ce sont les nouilles les plus consommées au Japon souvent servies avec un bouillon de sauce soja Udon
29%
Les populations de Hong-Kong, Macao, le Koweït et Singapour ont un taux de 100% pour cette donnée géographique La part de population {urbaine}
28%
Ville portuaire à 40 km au nord de Pusan en Corée du Sud Ulsan
17%
Ville du sud-est de la Turquie autrefois appelée "Édesse" et parfois préfixée de "Şanlı" qui signifie "glorieux" en turc Urfa
7%
Ville majeure de Mésopotamie sur le plan religieux et politique dans l'Antiquité et où l'écriture aurait été mise au point Uruk
7%
Ensemble de textes philosohiques formant la base théorique de la religion hindoue Les Upanishad
6%
Ville du centre du Japon au nord de Tokyo comptant 500 000 habitants et chef-lieu de la préfecture de Tochigi Utsunomiya
6%
Plus grand lac de Mongolie tout au nord-ouest qui donne son nom à une des provinces du pays Le lac {Uvs}
4%
Université islamique de La Mecque spécialisée dans l'étude du Coran Umm Al-Qura
4%
Parc national de l'extrémité ouest de Java comprenant notamment l'île du volcan Krakatoa Ujung Kulon
3%
Troisième niveau de division du Bangladesh après les divisions et les districts, équivalent à des municipalités Upazila
1%
Aucun quiz correspondant
Distribution des résultats
% des personnes avec chaque résultat
Percentile par nombre de réponses
Votre historique - résultats
Vous n’avez pas pris ce quiz